000 00431nam a2200157 i 4500
001 bg
100 1 _aBIDZIŃSKI, Zbigniew
245 0 _aUstawodawstwo dewizowe /
_cZbigniew Bidziński, Konrad Sosnowski.
250 _aWyd.5 wg. stanu prawnego na dzień 31.03.1974r.
260 _aWarszawa,
_c1974.
700 1 _aSOSNOWSKI, Konrad
040 _cBPK
041 _apol
942 _cKS
008 s pl f |000 0 pol
999 _c26157
_d26157
856 _uhttp://koha.tu.koszalin.pl/cgi-bin/koha/opac-detail.pl?biblionumber=26157
_yKatalog online BPK